Manual para diplomáticos y cónsules

Salvato in:
Dettagli Bibliografici
Autore principale: Vera, Robustiano (Autore)
Natura: Libro
Lingua:spagnolo
Pubblicazione: Santiago Gálvez 1909
Soggetti:
Tags: Aggiungi Tag
Nessun Tag, puoi essere il primo ad aggiungerne!!

MARC

LEADER 00000nam a2200000 a 4500
001 UCT9500
003 CL-VaPUC
008 970404e19090000CL |||||||||||||||||spa|d
082 0 4 |a 341.33  |b VER  |2 21 
100 0 |a Vera, Robustiano  |e author  |9 382267 
245 1 0 |a Manual para diplomáticos y cónsules 
300 |a 402 p 
942 |c BK 
945 |d 19970404 00:00:00  |a lriquelm 
260 |a Santiago  |b Gálvez  |c 1909 
650 0 |a Derecho internacional  |9 255637 
650 0 |a Diplomacia  |9 256483 
650 0 |a Agentes diplomáticos  |9 382260 
650 0 |a Ceremonias  |9 337653 
650 7 |a INMUNIDAD DIPLOMATICA  |2 CL-VaPUC  |9 381806 
650 0 |a Ministerio de asuntos exteriores  |9 382269 
650 0 |a Ciudadanía  |9 258339 
650 0 |a Acuerdos internacionales  |9 337381 
650 7 |a CONSULES  |2 CL-VaPUC  |9 382270 
583 |a last modification  |c 19970404 00:00:00  |k Rodrigo Vera 
999 |c 257900  |d 257898 
952 |0 0  |1 0  |4 0  |6 341_330000000000000_VER_1909  |7 0  |8 A  |9 281613  |a BIBDER  |b BIBDER  |d 2019-11-19  |i 1822411  |o 341.33 VER 1909  |p 1822411  |r 2023-01-25  |w 2019-11-19  |y BK  |k DER